| 000 | 00539nam a2200145 a 4500 | ||
|---|---|---|---|
| 008 | 120416s1961 ||||||||||||||||| || u | ||
| 050 | _aT 379 Hor | ||
| 100 | _aHornung, William J | ||
| 245 | 1 | 0 | _aBlueprint reading |
| 246 | _ainterpretation of architectural working drawings | ||
| 260 |
_aEnglewood Cliffs _bFT Prentice-Hall _c1961 |
||
| 300 | _aix, 131p. : ill. | ||
| 350 | _a0.00 | ||
| 995 |
_D0.00 _FCBU-MAIN LIBRARY (Kitwe) _H1 _I7.75 _M1 _UAVAILABLE _ZMain Library Open Access Collection |
||
| 999 |
_c36002 _d36002 |
||